000
00322nam a2200145Ia 4500
008
150301s2015 xx 000 0 und d
082
_a
616.01
_b
G93P
100
_a
PPWAR, C.B
245
_a
GENERAL MICROBIOLOGY
250
_a
8TH
260
_b
HIMALIYA PUB
300
_a
657
650
_a
PHARMACEUTICS
942
_2
ddc
_c
BK
999
_c
7342
_d
7342